Latin Prefixes 1 - Statistics

General Stats
  • This quiz has been taken 11 times
    6 since last reset
  • The average score is 2 of 17
Answer Stats
Prefix Meaning % Correct
ante- before
80%
contra- opposite
60%
super- above
40%
intra- within
40%
ultra- beyond
0%
post- after, behind
0%
se- apart, aside, away
0%
retro- backward, behind
0%
mal(e)- badly, poorly
0%
pre- before, in front of
0%
infra- below
0%
juxta- beside
0%
inter- between, among
0%
de- down, away, off
0%
extra- outside, beyond
0%
per- through
0%
ben(e)- well
0%
No matching quizzes found
Score Distribution
Percent of People with Each Score
Percentile by Number Answered
Your Score History
You have not taken this quiz since the last reset